FC Copenhagen players (2010-2020) - Statistics

General Stats
  • This quiz has been taken 20 times
  • The average score is 49 of 111
Answer Stats
Rank Player Positions Nationality Matches Goals (assists) Period % Correct
5 Andreas Cornelius ST 116 43 (12) 2011-2017
91%
14 Dame N'Doye ST 98 66 (22) 2010-2012, 2018-2020
91%
17 Ludwig Augustinsson LB 70 3 (25) 2014-2017
91%
1 Thomas Delaney CM 163 19 (15) 2010-2017
91%
10 Christian Bolaños RW 101 14 (22) 2010-2014
82%
2 Pierre Neurath Bengtsson LB 160 4 (26) 2010-2015, 2017-2020
82%
25 Robin Olsen GK 61 0 (0) 2015-2018
82%
46 Bryan Oviedo LB 34 2 (10) 2010-2013, 2019-2020
73%
3 Claudemir DM 131 10 (15) 2010-2015
73%
35 Daniel Amartey CB 44 3 (1) 2014-2016
73%
23 Federico Santander ST 65 30 (13) 2015-2018
73%
88 Johnny Thomsen RB 7 0 (0) 2011-2012
73%
64 Michael Santos ST 20 7 (3) 2019-2020
73%
12 Nicolai Jørgensen ST 99 43 (20) 2012-2016
73%
42 Nicolaj Thomsen AM 38 2 (3) 2017-2020
73%
7 William Kvist DM 114 1 (8) 2010-2011, 2015-2019
73%
4 Zanka CB 120 5 (1) 2010-2012, 2014-2017
73%
21 Zeca CM 67 4 (7) 2017-2020
73%
34 Andrija Pavlovic ST 45 10 (4) 2016-2018
64%
9 César Santin CF 102 43 (13) 2010-2014
64%
66 Guillermo Varela RB 19 0 (1) 2018-2020
64%
62 Jonas Wind ST 21 10 (3) 2017-2020
64%
27 Kasper Kusk RW 58 12 (9) 2015-2018
64%
16 Lars Jacobsen RB 81 1 (17) 2011-2014
64%
18 Mikael Antonsson CB 69 0 (1) 2010-2011, 2014-2018
64%
13 Peter Ankersen RB 99 3 (22) 2015-2019
64%
19 Ragnar Sigurdsson CB 69 4 (2) 2011-2014
64%
15 Rasmus Falk CM 88 11 (12) 2016-2020
64%
20 Rúrik Gíslason RM 68 5 (6) 2012-2015
64%
28 Stephan Andersen GK 58 0 (0) 2014-2019
64%
39 Viktor Fischer LW 43 12 (22) 2017-2020
64%
44 Andreas Bjelland CB 35 0 (1) 2018-2020
55%
26 Benjamin Verbic LW 60 14 (8) 2015-2018
55%
22 Danny Amankwaa RW 65 1 (10) 2012-2018
55%
37 Denis Vavro CB 43 0 (2) 2017-2019
55%
57 Jesse Joronen GK 23 0 (0) 2018-2019
55%
69 Karlo Bartolec RB 17 1 (2) 2019-2020
55%
74 Kim Christensen GK 14 0 (0) 2010-2011, 2012-2014
55%
54 Mohamed Daramy LW 24 1 (4) 2018-2020
55%
60 Olof Mellberg CB 22 3 (1) 2013-2014
55%
68 Pape Paté Diouf CF 19 4 (5) 2011-2012
55%
65 Pep Biel AM 20 3 (3) 2019-2020
55%
8 Thomas Kristensen CM 105 5 (7) 2010-2014
55%
76 Uros Matic CM 14 3 (2) 2016-2018
55%
48 Zdenek Pospech RB 33 3 (12) 2010-2011
55%
52 Carlo Holse AM 25 1 (3) 2017-2020
45%
43 Christian Grindheim CM 37 0 (1) 2011-2013
45%
56 Daniel Braaten RW 23 1 (1) 2013-2014
45%
80 Daniel Jensen CM 10 0 (1) 2012-2013
45%
36 Igor Vetokele ST 44 16 (2) 2012-2014
45%
30 Ján Greguš CM 54 4 (5) 2016-2019
45%
53 Jesper Grønkjær LW 25 4 (3) 2010-2011
45%
98 Kevin Foley RB 4 0 (0) 2014-2015
45%
31 Martin Vingaard CM 53 9 (10) 2010-2013
45%
72 Marvin Pourié ST 15 2 (0) 2013-2016
45%
51 Michael Lüftner CB 27 1 (0) 2017-2019
45%
49 Oscar Wendt LB 29 1 (7) 2010-2011
45%
63 Per Nilsson CB 21 0 (1) 2014-2016
45%
24 Pieros Sotiriou ST 61 24 (5) 2017-2020
45%
45 Robert Skov LM 35 25 (6) 2017-2020
45%
38 Sölvi Ottesen CB 43 8 (0) 2010-2013
45%
32 Tom Høgli RB 50 1 (7) 2014-2018
45%
11 Youssef Toutouh LW 101 14 (7) 2011-2012, 2013-2018
45%
107 Aílton ST 1 0 (0) 2010-2011
36%
84 Brandur Hendriksson CM 8 2 (0) 2014-2016
36%
33 Christoffer Remmer RB 49 0 (9) 2012-2016
36%
41 Erik Berg CB 39 1 (1) 2015-2018
36%
82 Fanendo Adi ST 9 3 (1) 2013-2014
36%
6 Johan Sellberg-Wiland GK 116 0 (0) 2010-2014
36%
29 Kris Stadsgaard CB 56 2 (2) 2011-2014
36%
91 Martin Pusic ST 6 0 (1) 2017-2018
36%
58 Morten Nordstrand ST 23 4 (0) 2010-2012
36%
40 Nicolai Boilesen CB 42 2 (7) 2016-2019
36%
90 Sten Grytebust GK 7 0 (0) 2019-2020
36%
55 Victor Nelsson CB 24 0 (1) 2019-2020
36%
86 Yones Felfel ST 8 0 (1) 2013-2015
36%
106 Ahmed Daghim LW 1 0 (0) 2018-2019
27%
70 Christian Poulsen DM 16 1 (0) 2014-2015
27%
108 Franco Mussis DM 1 0 (0) 2014-2015
27%
61 Jens Stage CM 21 3 (1) 2019-2020
27%
79 Martin Bergvold DM 11 0 (0) 2010-2013
27%
89 Michael Jakobsen CB 7 0 (2) 2012-2013
27%
94 Mikkel Kaufmann ST 5 1 (1) 2019-2020
27%
96 Aboubakar Keita DM 4 0 (0) 2015-2017
18%
77 Georg Margreitter CB 13 0 (0) 2013-2014
18%
81 Hjalte Bo Nørregaard CM 10 0 (1) 2010-2011
18%
97 Jakob Busk GK 4 0 (0) 2012-2014
18%
93 Jores Okore CB 5 0 (0) 2016-2017
18%
102 Julian Kristoffersen ST 2 0 (0) 2015-2016
18%
85 Kenan Kodro ST 8 1 (0) 2018-2019
18%
71 Kenneth Zohore ST 15 1 (1) 2010-2011
18%
109 László Köteles GK 1 0 (0) 2017-2018
18%
92 Nicklas Bendtner ST 6 0 (0) 2019-2020
18%
100 Peter Larsson CB 4 0 (0) 2011-2012
18%
95 Robert Mudrazija AM 5 0 (1) 2018-2020
18%
104 Sören Frederiksen LW 2 0 (0) 2010-2011
18%
59 Steve De Ridder CM 23 2 (2) 2014-2015
18%
87 Alexander Kacaniklic RW 7 2 (0) 2014-2015
9%
50 Bashkim Kadrii ST 27 3 (1) 2014-2017
9%
73 Björn Sigurdarson ST 14 1 (1) 2014-2015
9%
83 Johan Absalonsen LW 9 0 (1) 2010-2012
9%
78 Jos Hooiveld CB 11 0 (1) 2010-2011
9%
67 Karl-Johan Johnsson GK 19 0 (0) 2019-2020
9%
110 Mads Aaquist CM 1 0 (0) 2012-2013
9%
111 Mads Roerslev RB 1 0 (0) 2017-2018
9%
99 Marcus Mathisen CB 4 0 (0) 2014-2016
9%
103 Mikkel Wohlgemuth DM 2 0 (0) 2012-2013, 2014-2015
9%
75 Mos ST 14 4 (0) 2011-2013
9%
101 Şaban Özdoğan DM 4 0 (0) 2010-2011
9%
47 Sotirios Papagiannopoulos CB 33 0 (0) 2018-2020
9%
105 Thomas Kaminski GK 2 0 (0) 2015-2016
9%
No matching quizzes found
Score Distribution
Percent of People with Each Score
Percentile by Number Answered
Your Score History
You have not taken this quiz